[Event "M.Botvinnik Memorial 2012"]
[Site "St. Petersburg, Russia"]
[Date "2012.08.28"]
[Round "4.79"]
[White "Pogosian, Vladimir"]
[Black "Kaneyama, Men Cher"]
[Result "1-0"]
[WhiteElo "2150"]
[BlackElo "1955"]
[PlyCount "49"]
[EventDate "2012.08.25"]

1. c4 e5 2. g3 d6 3. Bg2 f5 4. Nc3 Nf6 5. e3 g6 6. Nge2 Bg7 7. d4 O-O 8. Qb3
Nc6 9. Nd5 Kh8 10. dxe5 dxe5 11. O-O e4 12. Rd1 Nxd5 13. cxd5 Ne5 14. Bd2 b6
15. Bc3 g5 16. Nd4 a5 17. Ne6 Bxe6 18. dxe6 Qe7 19. Bxe5 Bxe5 20. Rd7 Qf6 21.
Rad1 Bd6 22. f3 Rae8 23. Rf7 Qxe6 24. Qxe6 Rxe6 25. Rxd6 1-0

[Event "M.Botvinnik Memorial 2012"]
[Site "St. Petersburg, Russia"]
[Date "2012.08.28"]
[Round "4.80"]
[White "Eryshkanova, Anastasiya"]
[Black "Chernyak, Viktoria"]
[Result "1-0"]
[WhiteElo "2142"]
[BlackElo "1933"]
[PlyCount "69"]
[EventDate "2012.08.25"]

1. e4 c5 2. Nf3 e6 3. d4 cxd4 4. Nxd4 Nf6 5. Bd3 d6 6. O-O Be7 7. c4 Nc6 8.
Nxc6 bxc6 9. Nc3 O-O 10. f4 Nd7 11. Ne2 Nc5 12. Bc2 f5 13. exf5 exf5 14. Nd4
Qb6 15. Kh1 Ne4 16. Be3 c5 17. Nxf5 Bxf5 18. Qd5+ Kh8 19. Bxe4 Bxe4 20. Qxe4
Bf6 21. Rab1 Rab8 22. Qd3 Qa6 23. a3 d5 24. Bxc5 dxc4 25. Qc2 Rg8 26. Rf3 Rbc8
27. Rh3 g6 28. Bb4 Rg7 29. Re1 Qc6 30. Rhe3 Qc7 31. Re4 c3 32. bxc3 Bxc3 33.
Re8+ Rg8 34. Rxg8+ Kxg8 35. Re8+ 1-0

[Event "M.Botvinnik Memorial 2012"]
[Site "St. Petersburg, Russia"]
[Date "2012.08.28"]
[Round "4.81"]
[White "Andronov, Mikhail G"]
[Black "Andreeva, Yulia"]
[Result "1-0"]
[WhiteElo "2139"]
[BlackElo "1928"]
[PlyCount "137"]
[EventDate "2012.08.25"]

1. e4 c6 2. d4 d5 3. Nc3 dxe4 4. Nxe4 Bf5 5. Ng3 Bg6 6. h4 h6 7. Nf3 Nd7 8. h5
Bh7 9. Bd3 Bxd3 10. Qxd3 e6 11. Bd2 Ngf6 12. O-O-O Be7 13. Ne4 Nxe4 14. Qxe4
Nf6 15. Qe2 Qd5 16. c4 Qe4 17. Qxe4 Nxe4 18. Be3 O-O 19. Ne5 Rfd8 20. g4 f5 21.
Rhg1 f4 22. f3 Ng3 23. Kc2 Nxh5 24. Bf2 Nf6 25. Ng6 Bd6 26. g5 hxg5 27. Rxg5
Kf7 28. Bg1 Nh7 29. Rg2 Nf6 30. Bh2 Nh5 31. Rg4 Nf6 32. Rg5 b6 33. Bxf4 Bxf4
34. Nxf4 Rh8 35. Rd2 Nd7 36. Rdg2 Rag8 37. Nh5 g6 38. Nf4 Nf8 39. Nd3 Nd7 40.
Nf4 Nf8 41. Kd3 Rh4 42. Ke3 Rh1 43. b4 Re1+ 44. Kd2 Ra1 45. Kc3 Rf1 46. R2g3
Ra1 47. Kb3 Rd1 48. d5 exd5 49. cxd5 cxd5 50. Rxd5 Rxd5 51. Nxd5 Ne6 52. b5 Rd8
53. Nb4 Kf6 54. Nc6 Rd3+ 55. Kb4 Rd7 56. Rxg6+ Kf5 57. Rg8 Rd2 58. a4 Rb2+ 59.
Kc4 Rc2+ 60. Kb4 Rb2+ 61. Ka3 Rf2 62. Rg3 Kf4 63. Rh3 Ng5 64. Rh4+ Kxf3 65.
Nxa7 Ke3 66. Rh6 Ne4 67. Rxb6 Nd2 68. Re6+ Kd4 69. Kb4 1-0

[Event "M.Botvinnik Memorial 2012"]
[Site "St. Petersburg, Russia"]
[Date "2012.08.28"]
[Round "4.82"]
[White "Zizlova, Sofia"]
[Black "Katyshkina, Anastasia"]
[Result "1-0"]
[WhiteElo "2135"]
[BlackElo "1923"]
[PlyCount "75"]
[EventDate "2012.08.25"]

1. e4 c6 2. d4 d5 3. exd5 cxd5 4. c4 Nc6 5. Nc3 Nf6 6. Bg5 Be6 7. Nge2 h6 8.
Bxf6 exf6 9. Nf4 Bb4 10. Be2 Bxc3+ 11. bxc3 Qa5 12. O-O O-O-O 13. cxd5 Bxd5 14.
Nxd5 Qxd5 15. Qa4 Qa5 16. Qb3 Qc7 17. Rab1 Rhe8 18. Bg4+ Kb8 19. Bf3 Rd6 20.
Qa4 Re7 21. Rb5 g5 22. g3 Qc8 23. Qa3 Qd8 24. Rfb1 Rc7 25. Qb3 Qe7 26. Kg2 Qd7
27. a4 a6 28. Rc5 g4 29. Be4 Qe7 30. Bf5 h5 31. Bd3 Nd8 32. Rxh5 Qd7 33. Be4
Qe7 34. Bd5 Qd7 35. c4 Ne6 36. c5 Nxd4 37. Rh8+ Rc8 38. Qxb7+ 1-0

[Event "M.Botvinnik Memorial 2012"]
[Site "St. Petersburg, Russia"]
[Date "2012.08.28"]
[Round "4.83"]
[White "Larin, Maxim"]
[Black "Kozlov, Mikhail"]
[Result "1-0"]
[WhiteElo "2131"]
[BlackElo "1872"]
[PlyCount "53"]
[EventDate "2012.08.25"]

1. d4 e6 2. c4 Nf6 3. Nf3 d5 4. Nc3 c5 5. cxd5 Nxd5 6. e4 Nxc3 7. bxc3 cxd4 8.
cxd4 Bb4+ 9. Bd2 Bxd2+ 10. Qxd2 Nc6 11. Bb5 Bd7 12. O-O Ne5 13. Bxd7+ Nxd7 14.
d5 e5 15. Qb2 Qb6 16. Qa3 f6 17. Rfc1 Qa6 18. Qxa6 bxa6 19. Rc7 Ke7 20. Rac1
Rhb8 21. Nd2 Kd8 22. Nb3 Rb5 23. g3 g6 24. R7c6 a5 25. Ra6 Rb4 26. f3 a4 27.
Na5 1-0

[Event "M.Botvinnik Memorial 2012"]
[Site "St. Petersburg, Russia"]
[Date "2012.08.28"]
[Round "4.84"]
[White "Gorjunov, Sergey"]
[Black "Glazov, Anatoly"]
[Result "1-0"]
[WhiteElo "2128"]
[BlackElo "1856"]
[PlyCount "53"]
[EventDate "2012.08.25"]

1. c4 e5 2. Nc3 Nf6 3. Nf3 Nc6 4. a3 a5 5. e3 d5 6. cxd5 Nxd5 7. d3 Nxc3 8.
bxc3 e4 9. dxe4 Qxd1+ 10. Kxd1 Bg4 11. Be2 O-O-O+ 12. Nd4 h5 13. h3 Bd7 14. f4
g6 15. Bc4 Rh7 16. Ke2 f6 17. Kf3 g5 18. Bb2 Re8 19. Bd3 Rhe7 20. a4 f5 21. e5
g4+ 22. Kf2 Nxd4 23. cxd4 c6 24. hxg4 hxg4 25. Ba3 Rf7 26. Bc4 Rg7 27. e6 1-0

[Event "M.Botvinnik Memorial 2012"]
[Site "St. Petersburg, Russia"]
[Date "2012.08.28"]
[Round "4.86"]
[White "Kamnev, Alexander"]
[Black "Poltoratsky, Daniil"]
[Result "0-1"]
[WhiteElo "1890"]
[BlackElo "2109"]
[PlyCount "84"]
[EventDate "2012.08.25"]

1. e4 d5 2. exd5 Nf6 3. d4 c6 4. Nc3 cxd5 5. Nf3 Bg4 6. h3 Bh5 7. Bf4 Nc6 8.
Be2 e6 9. Ne5 Bxe2 10. Nxe2 Ne4 11. O-O Nxe5 12. Bxe5 Bd6 13. f3 Nf6 14. Kh1
Qc7 15. f4 Ne4 16. Qd3 O-O 17. Bxd6 Qxd6 18. f5 Qd7 19. g4 Qe7 20. c4 Qh4 21.
Kg2 h5 22. cxd5 exd5 23. Rf4 Rfe8 24. Raf1 Ng5 25. gxh5 Qxh5 26. Rg4 Nxh3 27.
Kg3 Ng5 28. Nf4 Ne4+ 29. Kf3 Qxf5 30. Rfg1 g6 31. Qb5 Nf6 32. Rxg6+ fxg6 33.
Rxg6+ Kh8 34. Qxb7 Qe4+ 35. Kg3 Nh5+ 36. Kg4 Qxf4+ 37. Kxh5 Qh2+ 38. Kg5 Qg3+
39. Kh5 Qh3+ 40. Kg5 Rg8 41. Qxd5 Qg3+ 42. Kf5 Qxg6+ 0-1

[Event "M.Botvinnik Memorial 2012"]
[Site "St. Petersburg, Russia"]
[Date "2012.08.28"]
[Round "4.87"]
[White "Ivanov, Sergei V"]
[Black "Klevets, Ksenia"]
[Result "0-1"]
[WhiteElo "2108"]
[BlackElo "1831"]
[PlyCount "114"]
[EventDate "2012.08.25"]

1. f4 d5 2. Nf3 Nf6 3. g3 g6 4. Bg2 Bg7 5. O-O O-O 6. d3 b6 7. Qe1 Bb7 8. Nbd2
Nbd7 9. c3 Nc5 10. Ne5 a5 11. a4 e6 12. b3 Na6 13. h3 c5 14. Bb2 Nd7 15. Nef3
Nb4 16. Rc1 Rc8 17. Ba1 Nc6 18. e4 Ba6 19. c4 Bxa1 20. Rxa1 Nb4 21. Qe2 d4 22.
Rac1 Bb7 23. e5 Na2 24. Rc2 Nc3 25. Qe1 Nb8 26. Ng5 Bxg2 27. Kxg2 Qc7 28. Nde4
Qc6 29. Kh2 Nxe4 30. Nxe4 Nd7 31. Re2 Rcd8 32. g4 Qc7 33. Qh4 Kg7 34. g5 Rg8
35. Qh6+ Kh8 36. Rg2 Rg7 37. Rg4 Nf8 38. Kg3 Rd7 39. Rh1 Re7 40. Nf6 Qc6 41.
Rh2 Qc8 42. Kf2 b5 43. axb5 a4 44. bxa4 Qa8 45. Kg1 Qxa4 46. Rd2 Qa1+ 47. Kh2
Qe1 48. Rgg2 Ra7 49. Rge2 Qc1 50. Qh4 Ra1 51. Qf2 Qh1+ 52. Kg3 Rg1+ 53. Kh4 h6
54. Qh2 Qf3 55. Rg2 Rh1 56. Qg3 hxg5+ 57. fxg5 Rh7+ 0-1

[Event "M.Botvinnik Memorial 2012"]
[Site "St. Petersburg, Russia"]
[Date "2012.08.28"]
[Round "4.88"]
[White "Nikiforov, Vyacheslav"]
[Black "Pershin, Denis"]
[Result "0-1"]
[WhiteElo "1880"]
[BlackElo "2103"]
[PlyCount "66"]
[EventDate "2012.08.25"]

1. e4 c5 2. Nc3 Nc6 3. g3 g6 4. Bg2 Bg7 5. Nf3 e6 6. d3 Nge7 7. O-O O-O 8. Ne2
d5 9. c3 e5 10. Be3 d4 11. cxd4 cxd4 12. Bd2 Qb6 13. Qc1 Bg4 14. Rd1 Rac8 15.
Qb1 f5 16. Ng5 Bxe2 17. Re1 Bh5 18. a3 Nd8 19. Bb4 Bf6 20. Qa2+ Kg7 21. h4 h6
22. Nh3 a5 23. Bxe7 Bxe7 24. f4 Rc2 25. fxe5 Rxb2 26. Qd5 fxe4 27. Bxe4 Qe6 28.
Nf4 Qg4 29. Qxd4 Qxg3+ 30. Ng2 Rff2 31. Qd5 Rxg2+ 32. Bxg2 Bc5+ 33. d4 Bxd4+
0-1

[Event "M.Botvinnik Memorial 2012"]
[Site "St. Petersburg, Russia"]
[Date "2012.08.28"]
[Round "4.89"]
[White "Dyakov, Vladislav"]
[Black "Bogachkova, Alena"]
[Result "0-1"]
[WhiteElo "1855"]
[BlackElo "2086"]
[PlyCount "114"]
[EventDate "2012.08.25"]

1. e4 e6 2. d4 d5 3. Nc3 Bb4 4. e5 Ne7 5. Bd2 c5 6. Nb5 Bxd2+ 7. Qxd2 O-O 8. c3
b6 9. Nd6 Ba6 10. Bxa6 Nxa6 11. f4 Nb8 12. Ne2 Nbc6 13. O-O f5 14. Rf3 Nc8 15.
Nb5 a6 16. Na3 c4 17. Ng3 g6 18. Nf1 b5 19. Nc2 Nb6 20. Rh3 Qe7 21. Ne1 a5 22.
Nf3 Kg7 23. Ng5 h6 24. Nf3 b4 25. Nh4 bxc3 26. bxc3 Qa3 27. Qe2 Ne7 28. Nxg6
Nxg6 29. Qh5 Rg8 30. Qxh6+ Kf7 31. Qg5 Qe7 32. Rh7+ Rg7 33. Qh6 Rag8 34. Rxg7+
Rxg7 35. Rb1 Na4 36. Ng3 Nf8 37. Rb8 Rg6 38. Qh8 Nxc3 39. Nh5 Ne2+ 40. Kf1 Nxd4
41. Nf6 c3 42. g3 Nc2 43. Kg2 d4 44. Nh7 Ne3+ 45. Kh1 Rg8 46. Rxf8+ Rxf8 47.
Nxf8 Qxf8 48. Qf6+ Ke8 49. Qxe6+ Qe7 50. Qc6+ Qd7 51. Qg6+ Kd8 52. Qf6+ Kc8 53.
Kg1 c2 54. Qa6+ Qb7 55. Qe6+ Kb8 56. Qd6+ Qc7 57. Qf8+ Ka7 0-1

[Event "M.Botvinnik Memorial 2012"]
[Site "St. Petersburg, Russia"]
[Date "2012.08.28"]
[Round "4.90"]
[White "Zarivkina, Victorya"]
[Black "Bezobrazov, Lev"]
[Result "1-0"]
[WhiteElo "2072"]
[BlackElo "1675"]
[PlyCount "139"]
[EventDate "2012.08.25"]

1. e4 e5 2. Nc3 Nc6 3. g3 g6 4. Bg2 Bg7 5. Nge2 Nge7 6. d3 d6 7. Be3 Be6 8. d4
exd4 9. Nxd4 Bd7 10. O-O O-O 11. Qd2 a6 12. Nxc6 Bxc6 13. Bh6 Bxh6 14. Qxh6 Kh8
15. Rad1 Ng8 16. Qe3 Re8 17. Qd4+ Qf6 18. Qd2 Rad8 19. f4 Qe7 20. Nd5 Bxd5 21.
Qxd5 c6 22. Qb3 Nh6 23. Qb4 Kg8 24. e5 d5 25. Qxe7 Rxe7 26. Bh3 Kf8 27. Rd4 Ng8
28. c4 Ree8 29. cxd5 Rxd5 30. Rxd5 cxd5 31. Bg2 Rd8 32. Rc1 Ne7 33. Rc7 Rb8 34.
g4 Ke8 35. Kf2 Kd8 36. Rc2 Kd7 37. Ke3 Ke6 38. Rc7 h6 39. Bh3 f5 40. exf6 Kxf6
41. g5+ hxg5 42. fxg5+ Kf7 43. Bg4 Kf8 44. Kd4 b6 45. Ke5 b5 46. Be6 Rd8 47.
Kf6 Ng8+ 48. Kxg6 d4 49. Rf7+ Ke8 50. Rf2 Rd6 51. Kf5 Ne7+ 52. Ke5 Rd8 53. Bf7+
Kf8 54. Ke6 Nc6 55. Bh5+ Kg8 56. Bf3 Nb4 57. a3 Nd3 58. Rd2 Nc5+ 59. Ke7 Rd7+
60. Ke8 Rd6 61. h4 Nb3 62. Rd1 Re6+ 63. Kd7 Nc5+ 64. Kc7 Re8 65. Bd5+ Kg7 66.
Rxd4 Na4 67. b4 Nc3 68. Bb7 Re7+ 69. Kb6 Na4+ 70. Kxa6 1-0

[Event "M.Botvinnik Memorial 2012"]
[Site "St. Petersburg, Russia"]
[Date "2012.08.28"]
[Round "4.92"]
[White "Egorov, Daniil"]
[Black "Trapeznikova, Darya"]
[Result "0-1"]
[WhiteElo "1824"]
[BlackElo "2050"]
[PlyCount "112"]
[EventDate "2012.08.25"]

1. e4 c5 2. Nf3 e6 3. d4 cxd4 4. Nxd4 Nc6 5. Nb5 d6 6. Bf4 e5 7. Be3 Nf6 8. f3
a6 9. N5a3 d5 10. exd5 Nxd5 11. Bf2 Be7 12. Bc4 Be6 13. O-O O-O 14. Bb3 Na5 15.
Nd2 Nxb3 16. axb3 Qc7 17. c3 Rfd8 18. Qc2 Bg5 19. Rfe1 Nb4 20. Qe4 Bxd2 21.
Qxb4 a5 22. Qb5 Rd5 23. Qc4 Qxc4 24. bxc4 Bxe1 25. cxd5 Bxf2+ 26. Kxf2 Bxd5 27.
Nb5 Bc6 28. Nc7 Ra7 29. Rd1 Kf8 30. Nd5 Ra8 31. Nb6 Ra6 32. Nc4 f6 33. Rd8+ Ke7
34. Rc8 b5 35. Ne3 Bd7 36. Rc7 Kd6 37. Rb7 Ra8 38. Nd5 Bc6 39. Rxg7 Bxd5 40.
Rxh7 a4 41. Rh6 Ke7 42. Rh7+ Ke6 43. Rc7 Kd6 44. Rg7 a3 45. bxa3 Rxa3 46. h4
Rxc3 47. h5 Rc8 48. Ra7 b4 49. Ra6+ Ke7 50. Rb6 b3 51. h6 Kf7 52. Ke3 Kg6 53.
f4 exf4+ 54. Kxf4 Rc7 55. h7 Rxh7 56. g4 Rb7 0-1

[Event "M.Botvinnik Memorial 2012"]
[Site "St. Petersburg, Russia"]
[Date "2012.08.28"]
[Round "4.93"]
[White "Shemenko, Georgy"]
[Black "Yakovlev, Yuri S"]
[Result "1-0"]
[WhiteElo "1746"]
[BlackElo "2035"]
[PlyCount "93"]
[EventDate "2012.08.25"]

1. e4 c5 2. Nf3 e6 3. d3 b5 4. g3 Bb7 5. Bg2 Be7 6. O-O h5 7. e5 d6 8. Bf4 Nc6
9. Nc3 a6 10. Ne4 dxe5 11. Nxe5 Rc8 12. Qf3 Nd4 13. Nd6+ Bxd6 14. Qxb7 Rc7 15.
Nc6 Nxc6 16. Bxc6+ Ke7 17. Qxa6 Bxf4 18. gxf4 Qd6 19. Bxb5 Qxf4 20. Qa8 Rh6 21.
Qe4 Rg6+ 22. Kh1 Qd6 23. Rg1 Nf6 24. Qf3 Ng4 25. Qg3 Qb6 26. c4 Rf6 27. Raf1
Qb7+ 28. Rg2 Rf3 29. Qh4+ f6 30. Kg1 g6 31. Rg3 Ne5 32. Rd1 Rc8 33. Qe4 Qxe4
34. dxe4 Rf4 35. Re3 Nf3+ 36. Kg2 Nd4 37. b4 Rg4+ 38. Kf1 Nc2 39. Red3 Rc7 40.
Rd7+ Rxd7 41. Rxd7+ Kf8 42. bxc5 Nb4 43. c6 Nxc6 44. Bxc6 f5 45. Bb5 Rxe4 46.
c5 Rb4 47. c6 1-0

[Event "M.Botvinnik Memorial 2012"]
[Site "St. Petersburg, Russia"]
[Date "2012.08.28"]
[Round "4.95"]
[White "Shakirova, Renata"]
[Black "Mikhailov, Ivan"]
[Result "0-1"]
[WhiteElo "1722"]
[BlackElo "2026"]
[PlyCount "96"]
[EventDate "2012.08.25"]

1. e4 c5 2. Nf3 Nc6 3. d4 cxd4 4. Nxd4 e6 5. Nc3 d6 6. Be2 Nf6 7. O-O Be7 8.
Kh1 O-O 9. f4 a6 10. Be3 Qc7 11. f5 Nxd4 12. Bxd4 b5 13. Bd3 Bb7 14. Qe1 e5 15.
Bg1 b4 16. Nd5 Nxd5 17. exd5 Bxd5 18. f6 Qc6 19. Qg3 Bxf6 20. Rxf6 Bxg2+ 21.
Qxg2 Qxg2+ 22. Kxg2 gxf6 23. Be4 Rac8 24. Rd1 Rc4 25. Bd3 Rg4+ 26. Kh3 f5 27.
Be3 e4 28. Be2 Rg6 29. Bh5 Re6 30. Rg1+ Kh8 31. Rf1 f6 32. Rxf5 Re5 33. Kg4
Rg8+ 34. Kf4 Rg5 35. Rxe5 dxe5+ 36. Kxe4 Rxh5 37. Bc5 Rxh2 38. Kd3 e4+ 39. Kxe4
Rxc2 40. Bd4 Rc4 41. Kd5 Rxd4+ 42. Kxd4 h5 43. Ke4 Kg7 44. Kf5 Kf7 45. a3 bxa3
46. bxa3 a5 47. a4 Kg7 48. Ke4 h4 0-1

[Event "M.Botvinnik Memorial 2012"]
[Site "St. Petersburg, Russia"]
[Date "2012.08.28"]
[Round "4.96"]
[White "Sorokina, Svetlana"]
[Black "Safronov, Kirill"]
[Result "0-1"]
[WhiteElo "1713"]
[BlackElo "2034"]
[PlyCount "68"]
[EventDate "2012.08.25"]

1. d4 Nf6 2. c4 g6 3. Nc3 Bg7 4. e4 d6 5. Nf3 O-O 6. Bd3 Bg4 7. h3 Bxf3 8. Qxf3
Nfd7 9. Be3 c5 10. d5 Ne5 11. Qe2 Nxd3+ 12. Qxd3 Nd7 13. f4 a6 14. O-O Rb8 15.
a4 Qb6 16. Qd2 Qb3 17. f5 Qxc4 18. Kh1 Nf6 19. Rf4 g5 20. Rf3 h6 21. Re1 Nd7
22. Rg3 f6 23. h4 Kf7 24. hxg5 hxg5 25. Bxg5 fxg5 26. Qxg5 Rh8+ 27. Rh3 Rxh3+
28. gxh3 Rg8 29. Rg1 Qd3 30. Qg2 Ke8 31. Ne2 Nf6 32. Nf4 Qxe4 33. Qxe4 Nxe4 34.
Ne6 Nf2+ 0-1

[Event "M.Botvinnik Memorial 2012"]
[Site "St. Petersburg, Russia"]
[Date "2012.08.28"]
[Round "4.97"]
[White "Van Den Ouden, Lendert"]
[Black "Ladzin, Ivan"]
[Result "1-0"]
[WhiteElo "2000"]
[BlackElo "1791"]
[PlyCount "91"]
[EventDate "2012.08.25"]

1. Nf3 d5 2. d4 Nf6 3. c4 e6 4. g3 Be7 5. Bg2 O-O 6. O-O c6 7. Qc2 b6 8. b3 Bb7
9. Nc3 c5 10. Rd1 Qc8 11. cxd5 exd5 12. Bb2 Nbd7 13. Rac1 Rd8 14. Qb1 Qb8 15.
Ba3 a6 16. dxc5 Nxc5 17. Na4 Qa7 18. Nd4 Bf8 19. Nc3 Ne6 20. Bxf8 Kxf8 21. Qf5
Nxd4 22. Rxd4 Rac8 23. Qd3 b5 24. Rd1 Qc5 25. Ne4 Nxe4 26. Bxe4 g6 27. b4 Qe7
28. a3 Re8 29. Bf3 Rc4 30. e3 Rec8 31. Bxd5 Rc3 32. Qb1 Bxd5 33. Rxd5 Rxa3 34.
Qb2 Rcc3 35. Rc5 Qf6 36. Rc8+ Kg7 37. Ra8 Rab3 38. Qa1 Ra3 39. Qb1 Qf3 40. Ra7
Rab3 41. Qa1 Kh6 42. Rdd7 Rc2 43. Rxf7 Qe4 44. Qg7+ Kh5 45. Qxh7+ Kg5 46. Qh4+
1-0

[Event "M.Botvinnik Memorial 2012"]
[Site "St. Petersburg, Russia"]
[Date "2012.08.28"]
[Round "4.98"]
[White "Kazantsev, Alexandr"]
[Black "Kokhnover, Ilya"]
[Result "1/2-1/2"]
[WhiteElo "1960"]
[BlackElo "1743"]
[PlyCount "91"]
[EventDate "2012.08.25"]

1. d4 Nf6 2. Nf3 e6 3. Bg5 h6 4. Bh4 b6 5. h3 c5 6. e3 Bb7 7. Nbd2 d6 8. c4
Nbd7 9. Bg3 Be7 10. Rc1 O-O 11. Bd3 Re8 12. O-O Rc8 13. Re1 cxd4 14. exd4 Bf8
15. a3 e5 16. d5 Nc5 17. Bf5 Rc7 18. b4 Ncd7 19. Bh4 Be7 20. Bxf6 Nxf6 21. b5
Bc8 22. Bxc8 Rxc8 23. Rc2 Nd7 24. Nb3 Nc5 25. Nc1 a5 26. bxa6 Nxa6 27. Nd3 Bf6
28. Nd2 Qd7 29. Qb1 Rb8 30. Qb5 Qa7 31. Re3 Bg5 32. Re2 f5 33. f4 Nc7 34. Qc6
e4 35. Ne5 Bxf4 36. Ng6 Bg3 37. Nf1 Be5 38. Nxe5 Rxe5 39. Qxd6 Ree8 40. Kh2 Na6
41. Ng3 Qf7 42. Qf4 Rf8 43. Rf2 g6 44. Qxh6 Nc5 45. Rf4 Qf6 46. Re2 1/2-1/2

[Event "M.Botvinnik Memorial 2012"]
[Site "St. Petersburg, Russia"]
[Date "2012.08.28"]
[Round "4.99"]
[White "Zakharov, Yuri"]
[Black "Veelenturf, Wim"]
[Result "1-0"]
[WhiteElo "1907"]
[BlackElo "1690"]
[PlyCount "113"]
[EventDate "2012.08.25"]

1. Nf3 d5 2. g3 Nf6 3. Bg2 g6 4. O-O Bg7 5. d3 O-O 6. Nbd2 c6 7. c3 Re8 8. e4
dxe4 9. dxe4 Bg4 10. Qc2 Nbd7 11. h3 Bxf3 12. Bxf3 Qc7 13. Re1 e5 14. Nf1 Nb6
15. a4 a5 16. Ne3 Rad8 17. Ng4 Nxg4 18. Bxg4 Nd7 19. Bg5 Nf6 20. Bf3 Rd6 21.
Be2 Qc8 22. Kg2 h6 23. Be3 Nd7 24. Red1 Rxd1 25. Rxd1 Qc7 26. Qd2 Nf6 27. f3
Kh7 28. g4 Bf8 29. Bc4 g5 30. Qf2 c5 31. h4 Kg6 32. hxg5 hxg5 33. Qd2 Qc8 34.
Kg3 Re7 35. Qc1 Bh6 36. Rd2 Qh8 37. Rh2 b6 38. Bxg5 Bxg5 39. Qxg5+ Kxg5 40.
Rxh8 Re8 41. Rxe8 Nxe8 42. Bxf7 Nf6 43. Be6 Ne8 44. Bf5 Nd6 45. Be6 Kf6 46. Bd5
Kg5 47. b3 Ne8 48. Be6 Nd6 49. Kf2 Kf4 50. Ke2 Ne8 51. Kd3 Kxf3 52. g5 Kf4 53.
g6 Kf3 54. Bf5 Ng7 55. Kc4 Nxf5 56. exf5 e4 57. g7 1-0

[Event "M.Botvinnik Memorial 2012"]
[Site "St. Petersburg, Russia"]
[Date "2012.08.28"]
[Round "4.100"]
[White "Aleksandrov, Grigoriy"]
[Black "Panov, Konstantin"]
[Result "1-0"]
[WhiteElo "1845"]
[BlackElo "1604"]
[PlyCount "119"]
[EventDate "2012.08.25"]

1. d4 Nf6 2. Nf3 g6 3. c4 Bg7 4. e3 O-O 5. Nc3 d6 6. Bd3 Nc6 7. O-O Re8 8. b3
e5 9. Bc2 Bg4 10. dxe5 dxe5 11. Nb5 e4 12. Qxd8 Rexd8 13. Nfd4 Nxd4 14. Nxd4 a6
15. h3 c5 16. hxg4 cxd4 17. g5 d3 18. gxf6 Bxf6 19. Bxd3 Bxa1 20. Bxe4 Rab8 21.
Bd5 Be5 22. e4 b6 23. Be3 Bd6 24. Rd1 Kf8 25. Bg5 Be7 26. Bf4 Bd6 27. e5 Bc5
28. Bh6+ Kg8 29. Bg5 Rd7 30. e6 Rxd5 31. cxd5 fxe6 32. d6 Kf8 33. d7 Be7 34.
d8=Q+ Rxd8 35. Rxd8+ Bxd8 36. Bxd8 b5 37. Kf1 Ke8 38. Bg5 Kd7 39. Ke2 Kd6 40.
Ke3 Ke5 41. g4 h5 42. f4+ Kd5 43. gxh5 gxh5 44. Be7 a5 45. Kf3 a4 46. bxa4 bxa4
47. a3 Kd4 48. Bf6+ Kd3 49. Kg3 Ke4 50. Be5 Kf5 51. Kh4 Kg6 52. Kg3 Kh6 53. Kf3
Kg6 54. Ke4 h4 55. Kf3 Kf5 56. Bb8 h3 57. Kg3 h2 58. Kxh2 Kg4 59. Kg2 Kf5 60.
Kf3 1-0

[Event "M.Botvinnik Memorial 2012"]
[Site "St. Petersburg, Russia"]
[Date "2012.08.28"]
[Round "4.101"]
[White "Fokin, Anatoly"]
[Black "Sokolov, Ilia"]
[Result "1-0"]
[WhiteElo "1803"]
[BlackElo "1712"]
[PlyCount "113"]
[EventDate "2012.08.25"]

1. d4 Nf6 2. c4 g6 3. Nc3 Bg7 4. e4 d6 5. h3 O-O 6. Be3 Nc6 7. Bd3 e5 8. Nge2
Ne8 9. Bc2 f5 10. f3 Qh4+ 11. Bf2 Qg5 12. Rg1 Nf6 13. Qd2 Qxd2+ 14. Kxd2 fxe4
15. Nxe4 Nxe4+ 16. Bxe4 Nxd4 17. Nxd4 exd4 18. Kd3 c5 19. g4 Bd7 20. Bxb7 Rab8
21. Bd5+ Kh8 22. b3 g5 23. Rae1 Be8 24. Bg3 Bg6+ 25. Kd2 Rb6 26. Re7 a5 27. Ra7
Re8 28. Rxa5 d3 29. Re1 Rxe1 30. Bxe1 Be5 31. Rb5 Ra6 32. a4 Ra7 33. Rb8+ Kg7
34. Rb7+ Rxb7 35. Bxb7 d5 36. cxd5 Bc7 37. Ba6 Ba5+ 38. Kd1 Bb6 39. Bf2 Kf6 40.
b4 Ke5 41. bxc5 Ba5 42. Bc4 Bd8 43. Bg3+ Kd4 44. Ba2 Kxc5 45. Be1 Be8 46. Bb3
Bc7 47. Bd2 h6 48. Kc1 Kd4 49. Bb4 Ke3 50. d6 Bd8 51. Bd1 Bc6 52. Bd2+ Kf2 53.
f4 Kg3 54. f5 Kxh3 55. Bc3 Bd7 56. Kd2 h5 57. f6 1-0

[Event "M.Botvinnik Memorial 2012"]
[Site "St. Petersburg, Russia"]
[Date "2012.08.28"]
[Round "4.102"]
[White "Toporkova, Sofia"]
[Black "Bezulenko, Evgeny"]
[Result "1/2-1/2"]
[WhiteElo "1729"]
[BlackElo "1915"]
[PlyCount "68"]
[EventDate "2012.08.25"]

1. d4 Nf6 2. c4 e6 3. Nc3 Bb4 4. f3 d5 5. a3 Bxc3+ 6. bxc3 c5 7. cxd5 exd5 8.
Bg5 Bf5 9. dxc5 O-O 10. g4 Bg6 11. h4 h5 12. gxh5 Bxh5 13. Nh3 Nbd7 14. Nf4 Qa5
15. Bh3 Qxc3+ 16. Kf1 g6 17. Bxd7 Nxd7 18. Rc1 Qb2 19. Nxd5 f6 20. Rb1 Qa2 21.
Nc3 Qe6 22. Bh6 Rfe8 23. Qd5 b6 24. c6 Ne5 25. c7 Rac8 26. Qxe6+ Rxe6 27. Nd5
Kh7 28. Bf4 Nxf3 29. exf3 Bxf3 30. Rh2 Bxd5 31. Rd1 Bc4+ 32. Kg1 Bb5 33. Rd8
Re8 34. Rxe8 Bxe8 1/2-1/2

[Event "M.Botvinnik Memorial 2012"]
[Site "St. Petersburg, Russia"]
[Date "2012.08.28"]
[Round "4.103"]
[White "Petrochenko, Maria"]
[Black "Klimentiev, Sergey"]
[Result "1-0"]
[WhiteElo "1694"]
[BlackElo "1896"]
[PlyCount "97"]
[EventDate "2012.08.25"]

1. d4 Nf6 2. c4 e6 3. Nf3 c5 4. d5 d6 5. Nc3 h6 6. e4 exd5 7. cxd5 Nbd7 8. h3
Be7 9. Bf4 Qb6 10. Qc2 O-O 11. Bd3 Re8 12. O-O Bf8 13. Nd2 Qd8 14. Nc4 Nb6 15.
Bh2 Nxc4 16. Bxc4 a6 17. a4 Nh5 18. Bd3 Qh4 19. f4 g5 20. fxg5 Qxg5 21. Rf3 b6
22. Raf1 Ra7 23. Qf2 f6 24. Kh1 Be7 25. g4 Ng7 26. Bf4 Qg6 27. e5 Qf7 28. exd6
Bd8 29. Bxh6 Bb7 30. Bc4 Kh7 31. Bf4 Rh8 32. Bg3 Ne8 33. Rf5 Bc8 34. Rh5+ Kg7
35. Rxh8 Kxh8 36. Qf4 Qg6 37. Qe4 Kg7 38. Qxg6+ Kxg6 39. Re1 Bd7 40. Bf4 Ng7
41. Bd3+ Kf7 42. Kg2 b5 43. axb5 axb5 44. Be3 Rb7 45. Bxc5 b4 46. Na2 Ba5 47.
Re7+ Kf8 48. Ba6 b3 49. Nc1 1-0

[Event "M.Botvinnik Memorial 2012"]
[Site "St. Petersburg, Russia"]
[Date "2012.08.28"]
[Round "4.104"]
[White "Klimshin, Ilia"]
[Black "Kosov, Igor"]
[Result "0-1"]
[WhiteElo "1678"]
[BlackElo "1807"]
[PlyCount "68"]
[EventDate "2012.08.25"]

1. e4 e5 2. Nf3 Nc6 3. d4 exd4 4. Nxd4 Nf6 5. Nxc6 bxc6 6. Bd3 Bc5 7. O-O d5 8.
Re1 O-O 9. Nc3 Ng4 10. Kf1 Bxf2 11. h3 Bxe1 12. Qxe1 Qf6+ 13. Kg1 Qd4+ 14. Kf1
dxe4 15. Nxe4 f5 16. Nf2 Ne5 17. c3 Qd5 18. Bc2 Ba6+ 19. Kg1 c5 20. Bf4 Rae8
21. Qd1 Qf7 22. Ba4 Re7 23. Qc2 Qg6 24. Kh2 Bb7 25. Nh1 Rd8 26. Ng3 Nd3 27.
Bb3+ Kh8 28. Rd1 Be4 29. Bc4 Red7 30. Bxd3 Bxd3 31. Qf2 c4 32. Qxa7 Qb6 33. Qa3
Qf2 34. Rd2 Qxf4 0-1

[Event "M.Botvinnik Memorial 2012"]
[Site "St. Petersburg, Russia"]
[Date "2012.08.28"]
[Round "4.105"]
[White "Radkov, Bazhen D"]
[Black "Kholova, Elena"]
[Result "1-0"]
[WhiteElo "1805"]
[BlackElo "1753"]
[PlyCount "55"]
[EventDate "2012.08.25"]

1. d4 f5 2. Nf3 Nf6 3. g3 e6 4. Bg2 Be7 5. O-O O-O 6. c4 d6 7. Nc3 Qe8 8. Qd3
c6 9. e4 fxe4 10. Nxe4 Na6 11. Bf4 Nb4 12. Qe2 Nxe4 13. Qxe4 d5 14. Qe2 dxc4
15. Qxc4 Nd5 16. Bd2 Bf6 17. Rfe1 Qf7 18. Rad1 Bd7 19. Bc3 Rae8 20. a3 g5 21.
Rd2 Qg6 22. Ne5 Bxe5 23. Rxe5 Rf5 24. Be4 Ref8 25. Qd3 g4 26. Re2 Ne7 27. Bb4
R8f7 28. Bxe7 1-0